The little book on expert witness fees (Record no. 106405)

MARC details
000 -LEADER
fixed length control field 01264cam a2200277 4500
001 - CONTROL NUMBER
control field L136486
008 - FIXED-LENGTH DATA ELEMENTS--GENERAL INFORMATION
fixed length control field 070202n2007 000 0 eng u
020 ## - INTERNATIONAL STANDARD BOOK NUMBER
International Standard Book Number 1905926014
035 ## - SYSTEM CONTROL NUMBER
System control number (Sirsi) u136486
041 0# - LANGUAGE CODE
Language code of text/sound track or separate title eng
050 04 - LIBRARY OF CONGRESS CALL NUMBER
Classification number 347.41067 $2 18
245 04 - TITLE STATEMENT
Title The little book on expert witness fees
260 ## - PUBLICATION, DISTRIBUTION, ETC.
Place of publication, distribution, etc. Newmarket
Name of publisher, distributor, etc. J S Publications
Date of publication, distribution, etc. 2007
300 ## - PHYSICAL DESCRIPTION
Extent 208p.
Dimensions 21cm.
350 ## - PRICE (NR) (BK AM CF MU VM SE) [OBSOLETE]
Price 35
490 #0 - SERIES STATEMENT
Series statement UK Register of Expert Witnesses Little Books for Experts
520 ## - SUMMARY, ETC.
Summary, etc. Provides practical advice to expert witnesses on ways to minimise the risk of late payment of fees. Covers: terms of engagement; court procedure rules; public funding; medical reporting agencies; oral evidence in criminal courts; common concerns; VAT for expert witnesses; and getting paid. Various appendices including extracts from the Civil Procedure Rules, various criminal regulations, and a terms of engagement framework.
590 ## - LOCAL NOTE (RLIN)
Local note KA
650 24 - SUBJECT ADDED ENTRY--TOPICAL TERM
Topical term or geographic name entry element CIVIL PROCEDURE RULES PART 35
650 24 - SUBJECT ADDED ENTRY--TOPICAL TERM
Topical term or geographic name entry element CIVIL PROCEDURE RULES PART 33
651 #4 - SUBJECT ADDED ENTRY--GEOGRAPHIC NAME
Geographic name England and Wales
Chronological subdivision 1543-
690 ## - LOCAL SUBJECT ADDED ENTRY--TOPICAL TERM (OCLC, RLIN)
Topical term or geographic name as entry element MANAGEMENT-DISPUTE AVOIDANCE, MANAGEMENT AND RESOLUTION-DISPUTE MANAGEMENT AND RESOLUTION-EXPERT WITNESSES
700 ## - ADDED ENTRY--PERSONAL NAME
Personal name Pamplin, Chris
700 1# - ADDED ENTRY--PERSONAL NAME
Personal name Owen, Philip
942 ## - ADDED ENTRY ELEMENTS (KOHA)
Suppress in OPAC 0
Holdings
Withdrawn status Lost status Source of classification or shelving scheme Damaged status Not for loan Home library Current library Shelving location Date acquired Cost, normal purchase price Total Checkouts Full call number Barcode Date last seen Date last checked out Copy number Cost, replacement price Price effective from Koha item type
    Dewey Decimal Classification     London London Books 02/04/2007 35.00 9 347.41067 PAM 30073754 06/08/2019 08/07/2009 1 35.00 06/08/2019 Book